000 00996nam a2200265 a 4500
001 1049
003 BR-CuiBMT
005 20231127220213.0
008 231101s2010 rjba 001 0 por d
020 _a9788530930059
040 _aBR-CuiBMT
_cBR-CuiBMT
080 _235.07:347.471
_a2007
090 _a35.07:347.471
_bP126f
_c7. ed.
100 1 _aPaes, José Eduardo Sabo
245 1 _aFundações, associações e entidades de interesse social :
_baspectos jurídicos, administrativos, contábeis, trabalhistas e tributários /
_cJosé Eduardo Sabo Paes.
250 _a7. ed. rev. e atual.
260 _aRio de Janeiro :
_bForense,
_cc2010.
300 _a1085 p. ;
_bil. :
_c24 cm
504 _aInclui bibliografia e índice.
650 _aFundação (direito civil)
_zBrasil
650 _aAssociações sem fins lucrativos
_vLegislação
_zBrasil
650 _aFundações e instituições
_vEstatuto
_zBrasil
650 _aOrganizações não-governamentais
_zBrasil
942 _2udc
_cLV
999 _c1049
_d1049